Paroles Doigby - Guerrier - Statistiques

Statistiques générales
  • Ce quiz a été pris 74 fois
  • Le résultat moyen est 150 sur 230
Statistiques - réponses
Réponse % Correct
de
99%
te
99%
tu
99%
Tu
99%
es
97%
capable
96%
rêves
96%
tes
96%
choses
94%
grandes
94%
à
93%
d'accomplir
91%
des
81%
d'realiser
79%
d'réaliser
79%
ta
79%
la
78%
le
78%
ce
73%
Ce
73%
dans
73%
chambre
72%
Seul
72%
seul
72%
faire
69%
barrières
67%
construire
66%
pas
66%
les
64%
c'est
63%
Ne
63%
ne
63%
pour
63%
Si
63%
si
63%
peu
61%
cque
60%
c'que
60%
en
58%
et
58%
fais
58%
Faut
58%
faut
58%
réalité
58%
vie
58%
au
57%
du
57%
guerrier
57%
mettre
57%
personne
57%
toi
57%
un
57%
qui
55%
demain
54%
dis
54%
il
54%
on
54%
peux
54%
existe
52%
remets
52%
soir
52%
car
51%
fera
51%
après
49%
s'faire
49%
confiance
48%
gens
48%
linceul
48%
qu'a
48%
ton
48%
aucun
46%
Avant
46%
avant
46%
berceau
46%
disent
46%
gagner
46%
Lève
46%
meurt
46%
perdre
46%
remord
46%
bats
45%
coeur
45%
dépendre
45%
fins
45%
jte
45%
regret
45%
rien
45%
tout
45%
valeurs
45%
carrière
43%
compte
43%
importe
43%
N'écoutes
43%
toujours
43%
ncrois
42%
pleure
42%
prendre
42%
risques
42%
Suis
42%
J'suis
40%
armes
39%
prends
39%
T'as
39%
terre
39%
d'apprendre
37%
d'finir
37%
difficile
37%
garde
37%
même
37%
objectifs
37%
rire
37%
sacrifices
37%
sourire
37%
sous
37%
Touche
37%
ciel
36%
L'important
36%
accomplis
34%
bénéfices
34%
l'échec
34%
adversaire
33%
clé
33%
confort
33%
récolte
33%
réussite
31%
t'affaiblis
31%
travail
31%
d'la
30%
s'trouve
30%
talent
30%
affronte
25%
flair
25%
Raah
19%
Aucun quiz correspondant
Distribution des résultats
% des personnes avec chaque résultat
Percentile par nombre de réponses
Votre historique - résultats
Vous n’avez pas pris ce quiz